Teorie statistiky 2

Guardado en:
Detalles Bibliográficos
Autor principal: Kaňoková, Jara
Autor Corporativo: Vysoká škola ekonomická v Praze. Národohospodářská fakulta
Otros Autores: Novák, Ilja
Formato: Libro
Lenguaje:checo
Publicado: Praha Státní pedagogické nakladatelství 1985
Edición:1. vyd.
Etiquetas: Agregar Etiqueta
Sin Etiquetas, Sea el primero en etiquetar este registro!

MARC

LEADER 00000nam a2200000 4500
001 c032156
005 20221220080506.5
041 0 |a cze 
044 |a CZ 
245 1 0 |a Teorie statistiky 2  |c Jara Kaňoková, Ilja Novák 
250 |a 1. vyd. 
264 1 |a Praha  |b Státní pedagogické nakladatelství  |c 1985 
300 |a 155 s. 
100 1 |a Kaňoková, Jara 
700 1 |a Novák, Ilja 
710 2 |a Vysoká škola ekonomická v Praze. Národohospodářská fakulta